| 000 | 00650nam a2200181Ia 4500 | ||
|---|---|---|---|
| 008 | 090630s9999 xx 000 0 und d | ||
| 082 | _b7700 | ||
| 100 | _aक्षेत्रमाडे सुमती. | ||
| 245 |
_aसिंधुदुर्ग. _cक्षेत्रमाडे सुमती. |
||
| 260 |
_bकल्पतरु. _c1980 |
||
| 300 | _a156 | ||
| 600 | _aक्षेत्रमाडे सुमती. | ||
| 630 | _aसिंधुदुर्ग. | ||
| 655 | _aलघुकथा. | ||
| 700 | _aक्षेत्रमाडे सुमती. | ||
| 730 | _aसिंधुदुर्ग. | ||
| 942 | _cBOOK | ||
| 999 |
_c259556 _d259556 |
||